| 000 | 01246nam a2200325Ia 4500 | ||
|---|---|---|---|
| 001 | ebr10677906 | ||
| 003 | CaPaEBR | ||
| 006 | m u | ||
| 007 | cr cn||||||||| | ||
| 008 | 130413s2013 enk s 000 0 eng d | ||
| 020 | _z9789956728435 | ||
| 020 | _z9789956728763 | ||
| 020 | _z9789956728060 | ||
| 040 |
_aCaPaEBR _cCaPaEBR |
||
| 035 | _a(OCoLC)847619456 | ||
| 050 | 1 | 4 |
_aTK5103.2 _b.S53 2013eb |
| 245 | 0 | 0 |
_aSide@Ways _h[electronic resource] : _bMobile margins and the dynamics of communication in Africa / _cEdited by Mirjam de Bruijin, Inge Brickman and Francis Nyamnjoh. |
| 246 | 3 | _aSideways | |
| 260 |
_aOxford : _bLangaa RPCIG, _c2013. |
||
| 300 | _avi, 202 p. | ||
| 533 |
_aElectronic reproduction. _bPalo Alto, Calif. : _cebrary, _d2013. _nAvailable via World Wide Web. _nAccess may be limited to ebrary affiliated libraries. |
||
| 650 | 0 |
_aMobile communication systems _zAfrica. |
|
| 650 | 0 | _aCell phone systems. | |
| 655 | 7 |
_aElectronic books. _2local |
|
| 700 | 1 | _aNyamnjoh, Francis. | |
| 700 | 1 | _ade Bruijn, Mirjam. | |
| 700 | 1 | _aBrickman, Inge. | |
| 710 | 2 | _aebrary, Inc. | |
| 856 | 4 | 0 |
_uhttp://site.ebrary.com/lib/rucke/Doc?id=10677906 _zAn electronic book accessible through the World Wide Web; click to view |
| 999 |
_c59370 _d59370 |
||